Sports Quiz

Random Sports or NFL Quiz
Score 0/31 Timer 05:00
0 Plays Today
% Correct
NY Giants (1988 & 1989)
80%
Pittsburgh Steelers (1983)
77.1%
Denver Broncos (1983 & 1989)
71.4%
Detroit Lions (1984)
71.4%
Buffalo Bills (1989)
68.6%
Miami Dolphins (1983) & Cleveland Browns (1988)
65.7%
Chicago Bears (1985 & 1986)
65.7%
NY Jets (1986 & 1987)
54.3%
Chicago Bears (1986)
51.4%
Baltimore Colts (1980) & Chicago Bears (1984)
45.7%
Minnesota Vikings (1983 & 1985)
45.7%
San Francisco 49ers (1989)
45.7%
Green Bay Packers (1984)
42.9%
Cincinnati Bengals (1989)
40%
Minnesota Vikings (1980)
34.3%
Cleveland Browns (1987)
34.3%
% Correct
San Diego Chargers (1987)
31.4%
New Orleans Saints (1989)
31.4%
Chicago Bears (1986) & New England Patriots (1987)
28.6%
San Diego Chargers (1987)
28.6%
Dallas Cowboys (1981)
25.7%
San Francisco 49ers (1984 & 1985)
25.7%
San Diego Chargers (1988)
25.7%
New England Patriots (1988)
25.7%
Buffalo Bills (1987)
20%
Dallas Cowboys (1987)
20%
Seattle Seahawks (1987)
17.1%
Washington Redskins (1987)
14.3%
Chicago Bears (1987)
11.4%
Tampa Bay Buccaneers (1987)
8.6%
San Francisco 49ers (1987)
5.7%
Remove Ads.
Support Sporcle.
Get the best of Sporcle when you Go Orange. This ad-free experience offers more features, more stats, and more fun while also helping to support Sporcle. Thank you for becoming a member.

You're not logged in!

Compare scores with friends on all Sporcle quizzes.
OR
Log In

Show Comments

Extras

Top Quizzes Today


Score Distribution

Your Account Isn't Verified!

In order to create a playlist on Sporcle, you need to verify the email address you used during registration. Go to your Sporcle Settings to finish the process.

Report this User

Report this user for behavior that violates our Community Guidelines.

Details: